| 000 | 00652nam a22001817a 4500 | ||
|---|---|---|---|
| 003 | CEME | ||
| 005 | 20210628203546.0 | ||
| 008 | 210119b xxu||||| |||| 00| 0 eng d | ||
| 020 | _a0070267685 | ||
| 040 | _c. | ||
| 082 | _a658.562 HAR | ||
| 100 |
_aHarrington, H. James _963144 |
||
| 245 | _aBusiness process improvement, the breakthrough strategy for total quality, productivity, and competitiveness | ||
| 260 |
_aNEW DELHI _bTATA MCGRAW HILL _c2005 |
||
| 300 | _aXII,274P | ||
| 650 |
_aQUALITY CONTROL.PRODUCTION MANAGEMENT-QUALITY CONTROL.BUSINESS PROCESS IMPROVEMENT.TOTAL QUALITY, PRODUCTIVITY, AND COMPETITIVENESS _963145 |
||
| 942 |
_cBK _2ddc |
||
| 999 |
_c574238 _d574238 |
||